| 000 | nam a22 a 4500 | ||
|---|---|---|---|
| 999 |
_c436362 _d436362 |
||
| 003 | BLK | ||
| 005 | 20211110133833.0 | ||
| 008 | 211110b bul|||||r ||||||| ||bul|| | ||
| 040 | _aBLK | ||
| 041 |
_aBUL _cBUL |
||
| 080 |
_aКомунистически партии. Вж и 327.323 _b329.15 _x(103)(438) _z329.15(103)(438) |
||
| 080 |
_aГеография на Полша _b913(438) _z913(438) |
||
| 100 |
_aЯрузелски, Войчех _eпърви автор _91299 |
||
| 139 | _aЯрузелски, Войчех | ||
| 245 | 1 | 0 |
_aРечи _bПроизнесени на пленуми на ЦК на ПОРП и заседания на Сейма на ПНР, пред разл. конгр., нац. конф. и съвещания, при срещи с трудещите се : [Сборник] _cВойчех Ярузелски; прев. от пол. Магдалена Атанасова и др. |
| 260 |
_aСофия _bПартиздат _c1985 _9211414 |
||
| 300 |
_a584 с. _b1л. цв. ил., портр. _c21 см |
||
| 380 | _a3 | ||
| 490 |
_aПолитически дейци на нашето време _9205821 |
||
| 500 | _aКн. е съставена по Przemowienia 1981-1983 / Wojciech Jaruzlski и материали от 1984-1985. - Други прев. : В. Иванов, М. Чорбанов. | ||
| 650 | 0 |
_9287581 _aПартии, политически |
|
| 653 | 7 |
_aполитически партии _9194084 |
|
| 700 |
_aАтанасова, Магдалена _eпрев. от пол. _9281736 |
||
| 700 | 1 |
_aИванов, Васил _9411691 |
|
| 700 |
_aЧорбанов, Мирослав _9331779 _eпрев. от пол. |
||
| 852 |
_aЦб 136328 _bЦб |
||
| 856 | 4 |
_qpdf _u |
|
| 856 | 4 |
_qpdf _u |
|
| 942 |
_cKNG _n0 _s1 |
||
| 944 |
_aCR _c2021-11-10 _kДГ |
||